000 00399nam a2200157Ia 4500
008 240729s9999 xx 000 0 und d
022 _a2239-3129
245 0 _aAnnali di Botanica
260 _aItaly
260 _bUniversity La Sapienza of Rome
650 _a Botany
650 _aScience
856 _uhttps://doaj.org/toc/3f625dc0ee014496beecbaf6d185dfba
942 _2ddc
942 _cDOAJEJ
999 _c65998
_d65998
945 _a1
_bMadushi Gamage
_c1
_dMadushi Gamage